|
|
|
|
| LEADER |
00961naa a2200217 i 4500 |
| 001 |
acta84340 |
| 005 |
20240408140603.0 |
| 008 |
240408s2019 hu o 1|| eng d |
| 020 |
|
|
|a 978-963-306-653-9
|
| 040 |
|
|
|a SZTE Egyetemi Kiadványok Repozitórium
|b hun
|
| 041 |
|
|
|a eng
|
| 100 |
1 |
|
|a Bencze Tibor
|
| 245 |
1 |
4 |
|a The situation of the employed in agriculture
|h [elektronikus dokumentum] :
|b [abstract] /
|c Bencze Tibor
|
| 260 |
|
|
|a University of Szeged Faculty of Agriculture
|b Hódmezővásárhely
|c 2019
|
| 300 |
|
|
|a 20
|
| 490 |
0 |
|
|a Wellmann International Scientific Conference
|v 17
|
| 650 |
|
4 |
|a Társadalomtudományok
|
| 650 |
|
4 |
|a Közgazdasági és gazdálkodástudományok
|
| 695 |
|
|
|a Foglalkoztatás - mezőgazdaság - Magyarország - előadáskivonat
|
| 711 |
|
|
|a 17th Wellmann International Scientific Conference
|c Hódmezővásárhely
|d 2019. május 8.
|
| 856 |
4 |
0 |
|u http://acta.bibl.u-szeged.hu/84340/1/wellmann_abstracts_2019_020.pdf
|z Dokumentum-elérés
|